| 000 | 00503nam a2200157 i 4500 | ||
|---|---|---|---|
| 001 | 51246 | ||
| 003 | ES-MaACL | ||
| 007 | t| | ||
| 008 | 030812s1953 ae ||||1| fre d | ||
| 100 | 1 |
_aCharlier, Inés María de los Angeles. _938087 |
|
| 245 | 1 | 0 |
_aHoras de España / _cInés María de los Angeles Charlier ; dibujos de Arias Crespo. |
| 260 |
_aArgel : _b[s.n., _c1953] ( _eMadrid : _fBachende) |
||
| 300 |
_a87 p. ; _c21 cm. |
||
| 700 | 1 |
_aArias Crespo. _922768 |
|
| 852 |
_aES-MaACL _jC-5768 _bR.34697 |
||
| 999 |
_c51246 _d51246 |
||